01067nam a2200253 a 4500001001000000003000500010005001700015008004100032010001100073011001100084040000900095100003900104245015900143260004100302500006000343502008000403502006900483650004600552650003600598650002400634650004800658700003700706856007000743000109714CHAP20220329144101.0140521s2014 mx | |sm |||||||spa|d a106176 a107148 cCHAP1 aJuárez Ramírez, Rubén Arturo10aEstablecimiento de un centro ecoturístico en el Estado de Pueblah[En línea]cpor Rubén Arturo Juárez Ramírez y Teresa de Jesús Osorio Alonso. aChapingo, Méx. :bEl autor,c2014. aPara ver el contenido del material haga clic en la liga aTesis (Ing. Forestal Industrial) -- UACH. División de Ciencias Forestales aTesis (Ing. Forestal) -- UACH. División de Ciencias Forestales14aDesarrollo de la comunidad ruralzPuebla.14aDesarrollo sustentablezPuebla.14aEcoturismozPuebla.14aRecursos naturalesxConservaciónxPuebla.1 aOsorio Alonso, Teresa de Jesús aFinding aiduhttp://10.13.5.2/tesis/sist109714.pdfzTeclea aquí